| 000 | 00348nam a2200145Ia 4500 | ||
|---|---|---|---|
| 005 | 20251222144921.0 | ||
| 008 | 251222s9999||||xx |||||||||||||| ||spa|| | ||
| 020 | _a9568676001 | ||
| 082 | _a363.46/B45 | ||
| 100 | _aBermĂșdez, Alejandro | ||
| 245 | 0 | _aYo SobrevivĂ a un Aborto | |
| 250 | _a1ra.ed. | ||
| 264 | _bEdiciones Copihue | ||
| 942 | _cLIB | ||
| 999 |
_c22728 _d22728 |
||